00626nam a22001577a 4500003000400000005001700004008004100021040000800062082002700070100002700097245026400124260002600388300002600414942001300440999001500453OSt20150924142051.0150924b xxu||||| |||| 00| 0 eng d cRUA aAGR CHH 2011 B049 Or.1 91251aCHHORN, SREYPOV. aEffect of growing method on growth and yield of phkaumeng rice ឥទ្ធិពលនៃវិធីសាស្រ្តដាំដុះទៅលើការលូតលាស់ និងទិន្នផលស្រូូវផ្ការំដេង aPhnom PenhbRUAc2011 axi, 66p.bill.c29cm. 2ddccAGR c1187d1187